| 000 | 00420 a2200133 4500 | ||
|---|---|---|---|
| 001 | ART_46682 | ||
| 005 | 20260410162040.0 | ||
| 008 | 260409a | ||
| 245 | 1 | 0 | _aLa sostenibilidad fiscal y la política de balance cíclicamente ajustado |
| 100 | 1 | _aVillena, Mauricio G. | |
| 700 | 1 | _aGamboni, Cristóbal | |
| 700 | 1 | _aTomaselli, Andrés | |
| 773 | 0 |
_tRevista Cepal _g- Nº 124 (abr. 2018) _wREV45125 |
|
| 999 |
_c34761 _d34761 |
||